[Event "Hillerod 100th Ann op"]
[Site "Hillerod"]
[Date "2020.02.15"]
[Round "9"]
[White "Wu, Sibo"]
[Black "Kristiansen, Jens"]
[Result "0-1"]
[WhiteElo "2060"]
[BlackElo "2406"]
[PlyCount "110"]
[EventDate "2020.02.08"]
[EventType "swiss"]
[EventRounds "9"]
[EventCountry "DEN"]
[SourceTitle "CBM 194 Extra"]
[Source "ChessBase"]
[SourceDate "2020.03.31"]
[SourceVersion "1"]
[SourceVersionDate "2020.03.31"]
[SourceQuality "1"]

1. d4 Nf6 2. Nf3 d6 3. Nbd2 Bf5 4. g3 Nc6 5. c3 e5 6. d5 Ne7 7. e4 Bd7 8. Bg2 g6 9. 0-0 Bg7 10. a4 0-0 11. Re1 Ne8 12. a5 a6 13. b4 h6 14. c4 f5 15. Qb3 Nf6 16. Bb2 Kh8 17. Rac1 Rc8 18. Re2 Qe8 19. Ne1 Qf7 20. Nd3 g5 21. exf5 Bxf5 22. f3 h5 23. Rf1 Qg6 24. Nf2 Neg8 25. c5 g4 26. fxg4 hxg4 27. Nc4 Rcd8 28. Ba3 Nh6 29. b5 axb5 30. Qxb5 Nf7 31. Bc1 Bh6 32. Ne3 Bc8 33. Qd3 Qh5 34. Ne4 Nxe4 35. Bxe4 Ng5 36. Bg6 Rxf1+ 37. Kxf1 Rf8+ 38. Ke1 Nf3+ 39. Kd1 Qg5 40. Bb2 Bd7 41. Be4 Ba4+ 42. Kc1 Ng1 43. Re1 Nf3 44. Re2 dxc5 45. Kb1 Nd4 46. Bxd4 exd4 47. Nf5 Qc1+ 48. Ka2 Rxf5 49. Bxf5 c4 50. Qb1 Bb3+ 51. Ka1 Qa3+ 52. Ra2 Bxa2 53. Qxa2 Qc3+ 54. Qb2 Qxa5+ 55. Kb1 Qxd5 0-1

[Event "Copenhagen Obro New Year op"]
[Site "Copenhagen"]
[Date "2019.12.28"]
[Round "2"]
[White "Kristiansen, Jens"]
[Black "Lilja, Richard"]
[Result "1-0"]
[WhiteElo "2408"]
[BlackElo "2119"]
[PlyCount "93"]
[EventDate "2019.12.27"]
[EventType "swiss"]
[EventRounds "7"]
[EventCountry "DEN"]
[SourceTitle "CBM 194 Extra"]
[Source "ChessBase"]
[SourceDate "2020.03.31"]
[SourceVersion "1"]
[SourceVersionDate "2020.03.31"]
[SourceQuality "1"]

1. d4 Nf6 2. c4 g6 3. Nc3 Bg7 4. e4 d6 5. Nf3 0-0 6. Be2 e5 7. d5 a5 8. Bg5 h6 9. Bh4 Na6 10. Nd2 Qe8 11. 0-0 Bd7 12. b3 Nh7 13. a3 f5 14. exf5 gxf5 15. Bh5 Qc8 16. Be7 Re8 17. Bxe8 Qxe8 18. Bh4 Nf8 19. f3 e4 20. Rc1 Bxc3 21. Rxc3 e3 22. Ne4 fxe4 23. Rxe3 Qh5 24. Bf6 Nh7 25. Bc3 Nc5 26. b4 axb4 27. axb4 Na4 28. Ba1 Nb6 29. Rxe4 Ng5 30. Re7 Nf7 31. c5 dxc5 32. bxc5 Bh3 33. cxb6 Bxg2 34. Kxg2 Qg5+ 35. Kh1 Qxe7 36. Qd4 Rxa1 37. Rxa1 cxb6 38. Ra8+ Kh7 39. Qe4+ Qxe4 40. fxe4 Kg7 41. Rb8 Nd6 42. e5 Nc4 43. Rxb7+ Kg6 44. e6 Kf6 45. Rf7+ Ke5 46. e7 Nd6 47. Rf8 1-0

[Event "Wch Seniors 65 29th"]
[Site "Bucharest"]
[Date "2019.11.13"]
[Round "2"]
[White "Rix, Soren"]
[Black "Kristiansen, Jens"]
[Result "0-1"]
[WhiteElo "2113"]
[BlackElo "2411"]
[PlyCount "92"]
[EventDate "2019.11.12"]
[EventType "swiss"]
[EventRounds "11"]
[EventCountry "ROU"]
[SourceTitle "CBM 193 Extra"]
[Source "ChessBase"]
[SourceDate "2020.01.31"]
[SourceVersion "1"]
[SourceVersionDate "2020.01.31"]
[SourceQuality "1"]

1. e4 c5 2. Nc3 Nc6 3. Nge2 d6 4. d4 cxd4 5. Nxd4 Nf6 6. Be2 e5 7. Nb3 Be7 8. Bg5 0-0 9. Bxf6 Bxf6 10. Nd2 Nd4 11. Bd3 Be6 12. Nc4 Bg5 13. 0-0 Rc8 14. Ne3 Bxe3 15. fxe3 Nc6 16. Nd5 Bxd5 17. exd5 Ne7 18. e4 Qb6+ 19. Kh1 Qxb2 20. Rb1 Qc3 21. Rxb7 Rc7 22. Qb1 Nc8 23. Qb4 Qxb4 24. Rxb4 Nb6 25. a4 Nd7 26. Rfb1 Nc5 27. Kg1 g6 28. a5 Kg7 29. a6 f5 30. exf5 gxf5 31. Rb8 Rxb8 32. Rxb8 e4 33. Be2 Kf6 34. Rf8+ Ke5 35. Bb5 f4 36. Kf2 Kxd5 37. Rxf4 Kd4 38. Ke1 Ke3 39. Rh4 Ne6 40. Rh3+ Kd4 41. Rh6 Re7 42. Kd2 e3+ 43. Kd1 d5 44. Bd3 Nf4 45. Rh4 Ke5 46. Rxh7 e2+ 0-1

[Event "Esbjerg Autumn 2nd"]
[Site "Esbjerg"]
[Date "2019.10.20"]
[Round "6"]
[White "Kristiansen, Jens"]
[Black "Boe, Mads"]
[Result "1-0"]
[WhiteElo "2401"]
[BlackElo "2286"]
[PlyCount "105"]
[EventDate "2019.10.18"]
[EventType "swiss"]
[EventRounds "7"]
[EventCountry "DEN"]
[SourceTitle "CBM 192 Extra"]
[Source "Chessbase"]
[SourceDate "2019.11.06"]
[SourceVersion "1"]
[SourceVersionDate "2019.11.06"]
[SourceQuality "1"]

1. Nf3 d5 2. g3 Nf6 3. Bg2 c6 4. 0-0 Bg4 5. d3 e6 6. Nbd2 Be7 7. h3 Bh5 8. e4 0-0 9. g4 Bg6 10. Ne5 dxe4 11. dxe4 Nfd7 12. Nxg6 hxg6 13. f4 g5 14. Nf3 gxf4 15. Bxf4 Qa5 16. Bd6 Bxd6 17. Qxd6 Qc5+ 18. Qxc5 Nxc5 19. Rad1 a5 20. Ne5 Nba6 21. g5 f6 22. gxf6 gxf6 23. Ng4 Kg7 24. a3 Rf7 25. Rd4 Rd7 26. Rxd7+ Nxd7 27. Rd1 Nf8 28. Kf2 Re8 29. e5 fxe5 30. Nxe5 Kf6 31. Nc4 a4 32. Nd6 Re7 33. Rd4 Nc5 34. Ne4+ Ke5 35. Rc4 Rf7+ 36. Ke3 Ncd7 37. Nc5 Nxc5 38. Rxc5+ Kd6 39. Rc4 Rg7 40. Rg4 Rxg4 41. hxg4 Ke5 42. Be4 Nd7 43. g5 Nb6 44. g6 Kf6 45. Kd4 Nd7 46. c3 Nf8 47. Kc5 Nxg6 48. Kb6 Ne7 49. Kxb7 Ke5 50. Bc2 Kd6 51. Bxa4 e5 52. Bc2 Nd5 53. a4 1-0

[Event "Esbjerg Autumn 2nd"]
[Site "Esbjerg"]
[Date "2019.10.20"]
[Round "7"]
[White "Sorensen, Per Smidt"]
[Black "Kristiansen, Jens"]
[Result "0-1"]
[WhiteElo "2086"]
[BlackElo "2401"]
[PlyCount "93"]
[EventDate "2019.10.18"]
[EventType "swiss"]
[EventRounds "7"]
[EventCountry "DEN"]
[SourceTitle "CBM 192 Extra"]
[Source "Chessbase"]
[SourceDate "2019.11.06"]
[SourceVersion "1"]
[SourceVersionDate "2019.11.06"]
[SourceQuality "1"]

1. Nf3 g6 2. g3 Bg7 3. Bg2 f5 4. d4 Nf6 5. 0-0 0-0 6. c4 d6 7. Nc3 e6 8. Qc2 Nc6 9. b3 Qe7 10. Bb2 a5 11. Rad1 Nb4 12. Qb1 e5 13. a3 Na6 14. Qc2 e4 15. Ne1 c6 16. f4 d5 17. c5 Ng4 18. Bc1 Nxc5 19. h3 Nh6 20. Nxd5 cxd5 21. dxc5 d4 22. e3 d3 23. Nxd3 exd3 24. Rxd3 Be6 25. Rfd1 Nf7 26. a4 Rfd8 27. Ba3 Rxd3 28. Rxd3 Rc8 29. Qd2 Qc7 30. b4 axb4 31. Qxb4 Rd8 32. Qd2 Rxd3 33. Qxd3 Qd8 34. Qb5 Qd1+ 35. Kh2 Bd7 36. Qxb7 Qxa4 37. Bd5 Qc2+ 38. Kh1 Qd1+ 39. Kh2 Qd2+ 40. Kh1 Be8 41. Qa8 Bf8 42. Be6 Qd1+ 43. Kh2 Qc2+ 44. Kg1 Qb1+ 45. Kh2 Qb5 46. Bd5 Kg7 47. Qa7 0-1

[Event "Esbjerg Autumn 2nd"]
[Site "Esbjerg"]
[Date "2019.10.19"]
[Round "4"]
[White "Kristiansen, Jens"]
[Black "Carlstedt, Jonathan"]
[Result "1-0"]
[WhiteElo "2401"]
[BlackElo "2442"]
[PlyCount "79"]
[EventDate "2019.10.18"]
[EventType "swiss"]
[EventRounds "7"]
[EventCountry "DEN"]
[SourceTitle "CBM 192 Extra"]
[Source "Chessbase"]
[SourceDate "2019.11.06"]
[SourceVersion "1"]
[SourceVersionDate "2019.11.06"]
[SourceQuality "1"]

1. Nf3 d6 2. e4 g6 3. d4 Bg7 4. c3 Nc6 5. Bc4 Nf6 6. Nbd2 0-0 7. 0-0 a6 8. e5 dxe5 9. dxe5 Ng4 10. e6 f5 11. Qe2 b5 12. Bb3 Bb7 13. Rd1 Qe8 14. h3 Nf6 15. a4 Na5 16. Bc2 Bd5 17. axb5 axb5 18. b4 Nc4 19. Rxa8 Qxa8 20. Nxc4 bxc4 21. Nd4 Ne4 22. Qe1 Nd6 23. f3 Bf6 24. Bh6 Rd8 25. Qe3 c6 26. Bg5 Rf8 27. h4 Qa7 28. h5 Bxg5 29. Qxg5 Rf6 30. Kh1 Bxe6 31. Nxc6 Qc7 32. Nxe7+ Qxe7 33. Rxd6 h6 34. Qf4 gxh5 35. Qe5 Rg6 36. Rb6 Kf7 37. Bxf5 Qh4+ 38. Kg1 Rxg2+ 39. Kxg2 Qg5+ 40. Kf1 1-0

[Event "EU-ch Seniors 65 19th"]
[Site "Rhodes"]
[Date "2019.04.13"]
[Round "8"]
[White "Stebbings, Anthony"]
[Black "Kristiansen, Jens"]
[Result "0-1"]
[WhiteElo "2281"]
[BlackElo "2376"]
[PlyCount "62"]
[EventDate "2019.04.06"]
[EventType "swiss"]
[EventRounds "9"]
[EventCountry "GRE"]
[SourceTitle "CBM 189 Extra"]
[Source "ChessBase"]
[SourceDate "2019.06.03"]
[SourceVersion "1"]
[SourceVersionDate "2019.06.03"]
[SourceQuality "1"]

1. d4 g6 2. e4 Bg7 3. c4 d6 4. Nc3 Nd7 5. Be3 e5 6. Nge2 Nh6 7. f3 f5 8. Qd2 f4 9. Bf2 0-0 10. 0-0-0 Nf7 11. g4 Ng5 12. Bg2 exd4 13. Nxd4 Ne5 14. h4 Ne6 15. b3 Nxd4 16. Bxd4 Be6 17. Ne2 Qf6 18. g5 Qf7 19. c5 a5 20. Qc3 a4 21. Kb2 b6 22. cxd6 cxd6 23. Rc1 axb3 24. axb3 Bxb3 25. Qxb3 Nd3+ 26. Kc2 Ra2+ 27. Qxa2 Nb4+ 28. Kd1 Qxa2 29. Bxb6 Qb3+ 30. Kd2 Qb2+ 31. Kd1 Nd3 0-1

[Event "EU-ch Seniors 65 19th"]
[Site "Rhodes"]
[Date "2019.04.11"]
[Round "6"]
[White "Birnboim, Nathan"]
[Black "Kristiansen, Jens"]
[Result "0-1"]
[WhiteElo "2365"]
[BlackElo "2376"]
[PlyCount "66"]
[EventDate "2019.04.06"]
[EventType "swiss"]
[EventRounds "9"]
[EventCountry "GRE"]
[SourceTitle "CBM 189 Extra"]
[Source "ChessBase"]
[SourceDate "2019.06.03"]
[SourceVersion "1"]
[SourceVersionDate "2019.06.03"]
[SourceQuality "1"]

1. e4 c5 2. Nf3 d6 3. c3 Nf6 4. Bd3 Bg4 5. 0-0 Nc6 6. Re1 e6 7. h3 Bh5 8. Bb5 Qb6 9. Na3 a6 10. Bf1 Be7 11. d3 0-0 12. Bf4 d5 13. e5 Nd7 14. g4 Bg6 15. Qd2 f6 16. exf6 Rxf6 17. Nh4 Rxf4 18. Nxg6 Rf7 19. Nxe7+ Nxe7 20. f4 Ng6 21. f5 exf5 22. Bg2 Qd6 23. c4 Nde5 24. cxd5 fxg4 25. Nc4 Nxc4 26. dxc4 gxh3 27. Bxh3 Nh4 28. Bg2 Qg3 29. Re3 Nf3+ 30. Rxf3 Rxf3 31. Rd1 Rf4 32. Qe2 Raf8 33. d6 Rh4 0-1

[Event "Aalborg Larsen Memorial"]
[Site "Aalborg"]
[Date "2018.10.19"]
[Round "7"]
[White "Wahlbom, Magnus"]
[Black "Kristiansen, Jens"]
[Result "0-1"]
[WhiteElo "2159"]
[BlackElo "2370"]
[PlyCount "64"]
[EventDate "2018.10.13"]
[EventType "swiss"]
[EventRounds "7"]
[EventCountry "DEN"]
[SourceTitle "CBM 186 Extra"]
[Source "ChessBase"]
[SourceDate "2018.08.24"]
[SourceVersion "1"]
[SourceVersionDate "2018.08.24"]
[SourceQuality "1"]

1. e4 c5 2. Nf3 d6 3. d4 cxd4 4. Nxd4 Nf6 5. Nc3 e6 6. Be2 Be7 7. 0-0 0-0 8. Be3 Nc6 9. f4 Bd7 10. Nb3 a6 11. a4 b6 12. Bf3 Qc7 13. Qe2 Rfc8 14. Rad1 Be8 15. Kh1 Nd7 16. Nd4 Nc5 17. f5 Bf6 18. Bg4 Qe7 19. Bh3 Bd7 20. Nxc6 Bxc6 21. fxe6 fxe6 22. Bd4 Bxd4 23. Rxd4 Rf8 24. Rfd1 Rad8 25. Qc4 a5 26. b3 Qf6 27. Qe2 Qe5 28. Bg4 Rf4 29. Bf3 Rdf8 30. Rxd6 Bxe4 31. Nxe4 Nxe4 32. Rd8 Rh4 0-1

[Event "Lund CellaVision Cup"]
[Site "Lund"]
[Date "2018.08.03"]
[Round "3"]
[White "Grandelius, Nils"]
[Black "Kristiansen, Jens"]
[Result "1-0"]
[WhiteElo "2658"]
[BlackElo "2366"]
[PlyCount "85"]
[EventDate "2018.08.03"]
[EventType "swiss"]
[EventRounds "8"]
[EventCountry "SWE"]
[SourceTitle "CBM 186 Extra"]
[Source "ChessBase"]
[SourceDate "2018.08.24"]
[SourceVersion "1"]
[SourceVersionDate "2018.08.24"]
[SourceQuality "1"]

1. Nf3 f5 2. d3 Nc6 3. e4 e5 4. d4 fxe4 5. Nxe5 Nf6 6. Nc3 Qe7 7. Bf4 d6 8. Nc4 Bg4 9. Qd2 Qf7 10. d5 Ne7 11. Ne3 Bh5 12. Nb5 Ng6 13. Bg3 a6 14. Qa5 Rc8 15. Nd4 Ng4 16. Ne6 Nxe3 17. fxe3 Bg4 18. Bc4 Ne5 19. Bxe5 dxe5 20. Bb3 Bd6 21. Qa4+ Ke7 22. Qxe4 Qg6 23. Qxg6 hxg6 24. Ng5 e4 25. h3 Bg3+ 26. Kd2 Bf5 27. Raf1 Bh4 28. g4 Bxg5 29. gxf5 gxf5 30. Rxf5 Bf6 31. Rf4 Bxb2 32. c3 Rcf8 33. Rxe4+ Kd8 34. Rh2 Ba3 35. h4 Bd6 36. Rg2 Rf7 37. Kd3 Rh5 38. Reg4 Re7 39. Rf2 Be5 40. Rf8+ Re8 41. Rxe8+ Kxe8 42. Re4 Kd7 43. Bd1 1-0

[Event "Faroes op"]
[Site "Sandavagur"]
[Date "2018.07.12"]
[Round "7"]
[White "Kristiansen, Jens"]
[Black "Haubro, Martin"]
[Result "0-1"]
[WhiteElo "2380"]
[BlackElo "2373"]
[PlyCount "74"]
[EventDate "2018.07.07"]
[EventType "swiss"]
[EventRounds "9"]
[EventCountry "FAI"]
[SourceTitle "CBM 185 Extra"]
[Source "ChessBase"]
[SourceDate "2018.07.29"]
[SourceVersion "1"]
[SourceVersionDate "2018.07.29"]
[SourceQuality "1"]

1. d4 Nf6 2. c4 c5 3. d5 b5 4. cxb5 a6 5. e3 g6 6. Nc3 Bg7 7. Nf3 0-0 8. a4 Bb7 9. e4 e6 10. dxe6 fxe6 11. Bg5 Qa5 12. Bd2 Qc7 13. Bd3 d5 14. Ng5 Re8 15. b3 h6 16. Nh3 d4 17. Ne2 Bxe4 18. Bxe4 Nxe4 19. Rc1 axb5 20. axb5 Qd7 21. Ng3 Nxd2 22. Qxd2 Qxb5 23. Ne4 Qxb3 24. Nxc5 Qb5 25. Nf4 Na6 26. Nxa6 Rxa6 27. Qd3 Qa5+ 28. Kf1 e5 29. Nxg6 e4 30. Qc4+ Kh7 31. Nf4 Qd2 32. Re1 Ra2 33. Qe2 e3 34. fxe3 dxe3 35. g3 Re4 36. h4 Bc3 37. Rd1 Rxf4+ 0-1

[Event "Hastings Masters op 93rd"]
[Site "Hastings"]
[Date "2018.01.03"]
[Round "7"]
[White "Kristiansen, Jens"]
[Black "Das, Arghyadip"]
[Result "0-1"]
[WhiteElo "2415"]
[BlackElo "2451"]
[PlyCount "50"]
[EventDate "2017.12.28"]
[EventType "swiss"]
[EventRounds "9"]
[EventCountry "ENG"]
[SourceTitle "CBM 182 Extra"]
[Source "ChessBase"]
[SourceDate "2018.02.23"]
[SourceVersion "1"]
[SourceVersionDate "2018.02.23"]
[SourceQuality "1"]

1. e4 e6 2. d3 d5 3. Nd2 c5 4. Ngf3 Nc6 5. g3 Nf6 6. Bg2 g6 7. 0-0 Bg7 8. c3 0-0 9. Re1 a5 10. a4 b6 11. e5 Ng4 12. d4 cxd4 13. cxd4 f6 14. h3 Nh6 15. exf6 Qxf6 16. Nb3 Bd7 17. Bg5 Qf7 18. Bf4 Nf5 19. Rc1 h6 20. Qd2 g5 21. Bxg5 hxg5 22. Nxg5 Bh6 23. g4 Nh4 24. Nxf7 Bxd2 25. Nxd2 Rxf7 0-1

[Event "Hastings Masters op 93rd"]
[Site "Hastings"]
[Date "2018.01.02"]
[Round "6"]
[White "Willson, Ollie"]
[Black "Kristiansen, Jens"]
[Result "0-1"]
[WhiteElo "2057"]
[BlackElo "2415"]
[PlyCount "78"]
[EventDate "2017.12.28"]
[EventType "swiss"]
[EventRounds "9"]
[EventCountry "ENG"]
[SourceTitle "CBM 182 Extra"]
[Source "ChessBase"]
[SourceDate "2018.02.23"]
[SourceVersion "1"]
[SourceVersionDate "2018.02.23"]
[SourceQuality "1"]

1. d4 g6 2. Nf3 Bg7 3. c4 f5 4. Nc3 Nf6 5. g3 0-0 6. Bg2 d6 7. 0-0 e6 8. Qc2 Nc6 9. Rd1 Qe7 10. d5 Nb4 11. Qb1 e5 12. a3 Na6 13. b4 h6 14. Qb3 Qf7 15. Bb2 g5 16. Rac1 Bd7 17. Nd2 Rae8 18. Qc2 Re7 19. Re1 e4 20. e3 Ng4 21. Rf1 Qh5 22. h3 Ne5 23. Qd1 Qe8 24. Rb1 Nb8 25. Ba1 a6 26. b5 b6 27. a4 axb5 28. axb5 Bc8 29. Ne2 Nbd7 30. Nd4 Nf6 31. Nc6 Nxc6 32. dxc6 f4 33. Re1 f3 34. Bf1 Qh5 35. Bxf6 Bxf6 36. Kh2 Bxh3 37. Bxh3 g4 38. Rh1 Qxh3+ 39. Kg1 Qg2# 0-1

[Event "Hastings Masters op 93rd"]
[Site "Hastings"]
[Date "2017.12.28"]
[Round "1"]
[White "Kristiansen, Jens"]
[Black "Willow, Jonah B"]
[Result "1/2-1/2"]
[WhiteElo "2415"]
[BlackElo "2152"]
[PlyCount "66"]
[EventDate "2017.12.28"]
[EventType "swiss"]
[EventRounds "9"]
[EventCountry "ENG"]
[SourceTitle "CBM 182 Extra"]
[Source "ChessBase"]
[SourceDate "2018.02.23"]
[SourceVersion "1"]
[SourceVersionDate "2018.02.23"]
[SourceQuality "1"]

1. d4 Nf6 2. Nf3 e6 3. e3 b6 4. Bd3 Bb7 5. 0-0 Be7 6. c4 c5 7. Nc3 cxd4 8. exd4 d6 9. d5 e5 10. Nh4 g6 11. f4 Nfd7 12. Nf3 f5 13. Bc2 0-0 14. g4 fxg4 15. Ng5 Nc5 16. Qxg4 Bxg5 17. fxg5 Rxf1+ 18. Kxf1 Qf8+ 19. Kg2 Bc8 20. Qe2 Bf5 21. Be3 Qc8 22. Bxf5 gxf5 23. Rf1 Nba6 24. a3 f4 25. Bg1 Qf5 26. b4 e4 27. Kh1 f3 28. Qd2 Nd3 29. Be3 Qh3 30. Kg1 Qg4+ 31. Kh1 Qh3 32. Kg1 Qg4+ 33. Kh1 Qh3 1/2-1/2

[Event "Lund CellaVision Cup"]
[Site "Lund"]
[Date "2017.08.06"]
[Round "8"]
[White "Kristiansen, Jens"]
[Black "Cuenca Jimenez, Jose Fernando"]
[Result "1-0"]
[WhiteElo "2399"]
[BlackElo "2513"]
[PlyCount "87"]
[EventDate "2017.08.04"]
[EventType "swiss"]
[EventRounds "8"]
[EventCountry "SWE"]
[SourceTitle "CBM 180 Extra"]
[Source "ChessBase"]
[SourceDate "2017.10.06"]
[SourceVersion "1"]
[SourceVersionDate "2017.10.06"]
[SourceQuality "1"]

1. d4 Nf6 2. c4 g6 3. Nc3 Bg7 4. e4 d6 5. Nf3 0-0 6. Be2 e5 7. d5 a5 8. Bg5 h6 9. Bh4 Na6 10. Nd2 Bd7 11. 0-0 Qe8 12. b3 Nh7 13. a3 h5 14. f3 Bh6 15. Rb1 Be3+ 16. Bf2 Bxf2+ 17. Rxf2 h4 18. b4 axb4 19. axb4 Qe7 20. Qc1 Nf6 21. f4 exf4 22. Rxf4 Nh7 23. Rf2 h3 24. Nf3 Rae8 25. gxh3 Bxh3 26. Qf4 f5 27. Bd3 Qg7 28. Qd2 f4 29. e5 dxe5 30. Kh1 Bf5 31. Bxf5 Rxf5 32. Ne4 Nf6 33. Qd3 Ng4 34. Rg2 Ne3 35. b5 Nb8 36. Rbg1 Nxg2 37. Rxg2 Qh6 38. d6 Rf7 39. dxc7 Rxc7 40. Qd6 Rg7 41. Nf6+ Kf7 42. Nxe8 Kxe8 43. Qxb8+ Kf7 44. Ng5+ 1-0

[Event "Lund CellaVision Cup"]
[Site "Lund"]
[Date "2017.08.04"]
[Round "3"]
[White "Sumets, Andrey"]
[Black "Kristiansen, Jens"]
[Result "1-0"]
[WhiteElo "2576"]
[BlackElo "2399"]
[PlyCount "69"]
[EventDate "2017.08.04"]
[EventType "swiss"]
[EventRounds "8"]
[EventCountry "SWE"]
[SourceTitle "CBM 180 Extra"]
[Source "ChessBase"]
[SourceDate "2017.10.06"]
[SourceVersion "1"]
[SourceVersionDate "2017.10.06"]
[SourceQuality "1"]

1. d4 Nf6 2. c4 e6 3. Nc3 Bb4 4. Qc2 0-0 5. Nf3 d6 6. g3 Nc6 7. Bg2 e5 8. d5 Ne7 9. 0-0 a5 10. Ne1 Bf5 11. e4 Bd7 12. Nd3 Bxc3 13. Qxc3 b6 14. b3 Qc8 15. Bg5 Kh8 16. f4 Ng6 17. fxe5 dxe5 18. Bxf6 gxf6 19. Rxf6 Qe8 20. Raf1 Qe7 21. h4 Bg4 22. R6f2 f6 23. Kh2 Kg7 24. Bh3 Bxh3 25. Kxh3 Qd7+ 26. Kh2 Qg4 27. Qe1 Rad8 28. Qe3 Ne7 29. c5 b5 30. c6 Rde8 31. Nc5 Nc8 32. Nd7 Nd6 33. Rxf6 Rf7 34. Rxf7+ Nxf7 35. Nf6 1-0